000 00649nam a2200217Ia 4500
005 20241129111318.0
008 241129s9999||||xx |||||||||||||| ||und||
020 _a978-93-92510-24-3
037 _aTB
040 _aCRL
_beng
_cCRL
041 _aeng
_2eng
084 _aTv2.C H7;R2
_qCRL
100 _aMookerji Radha Kumud Au.
_9724056
245 0 _aAncient indian education: brahmanical and buddhist
_cMookerji Radha Kumud Au.
260 _aDelhi, India
_bMotilal Banarsidass International
_c2022
300 _axxxvi,655p.
365 _aINR
_b1595
650 _aEducation
942 _cTB
_hTv2.C H7;R2
999 _c1229875
_d1229875